[Event "Ambelokipi op 171st"]
[Site "Athens"]
[Date "2019.02.27"]
[Round "7"]
[White "Hahabis, Nikolaos"]
[Black "Delithanasis, Dimitrios"]
[Result "0-1"]
[WhiteElo "1795"]
[BlackElo "1906"]
[PlyCount "104"]
[EventDate "2019.01.16"]
[EventType "swiss"]
[EventRounds "7"]
[EventCountry "GRE"]
[SourceTitle "EXT 2020"]
[Source "ChessBase"]
[SourceDate "2019.10.17"]
[SourceVersion "1"]
[SourceVersionDate "2019.10.17"]
[SourceQuality "1"]

1. e4 e5 2. Nf3 Nc6 3. Bb5 Nf6 4. 0-0 Nxe4 5. Re1 Nd6 6. Nxe5 Be7 7. Bf1 Nxe5 8. Rxe5 0-0 9. d4 Bf6 10. Re1 Re8 11. c3 b6 12. Bf4 Bb7 13. Nd2 Rxe1 14. Qxe1 Qe8 15. Bxd6 cxd6 16. Qxe8+ Rxe8 17. Nc4 Re6 18. Rd1 d5 19. Ne3 Bg5 20. Nc2 f5 21. Re1 Kf7 22. Bb5 Bc6 23. Rxe6 Kxe6 24. Bxc6 dxc6 25. Kf1 c5 26. Ke2 c4 27. Ne1 Bc1 28. b3 g5 29. Nf3 g4 30. Ne5 b5 31. Nc6 a6 32. Nb4 a5 33. Nc6 cxb3 34. axb3 a4 35. bxa4 bxa4 36. Nb4 Ba3 37. Na2 Bd6 38. g3 h5 39. Kd3 f4 40. c4 dxc4+ 41. Kxc4 h4 42. gxh4 f3 43. h5 Bxh2 44. Kd3 Bf4 45. Ke4 Bd2 46. d5+ Kf6 47. d6 Ke6 48. h6 Bxh6 49. Nc3 a3 50. Kd3 Bg7 51. Na2 Kxd6 52. Ke4 Be5 0-1

[Event "Ambelokipi op 162th"]
[Site "Athens"]
[Date "2017.02.22"]
[Round "7"]
[White "Hahabis, Nikolaos"]
[Black "Liris, Orestis"]
[Result "1-0"]
[WhiteElo "1930"]
[BlackElo "1760"]
[PlyCount "91"]
[EventDate "2017.01.11"]
[EventType "swiss"]
[EventRounds "7"]
[EventCountry "GRE"]
[SourceTitle "EXT 2024"]
[Source "ChessBase"]
[SourceDate "2023.10.10"]
[SourceVersion "1"]
[SourceVersionDate "2023.10.10"]
[SourceQuality "1"]

1. e4 c5 2. Nf3 d6 3. d4 cxd4 4. Nxd4 Nf6 5. Nc3 a6 6. Bg5 Nbd7 7. f4 b5 8. Bxf6 exf6 9. Nf5 Nb6 10. Ne3 Bb7 11. Qd4 Be7 12. Nf5 g6 13. Nxe7 Kxe7 14. 0-0-0 Qc7 15. Nd5+ Bxd5 16. exd5 Nd7 17. Re1+ Kf8 18. Qe3 Rc8 19. Qe7+ Kg7 20. Bd3 Ne5 21. Qxc7 Nxd3+ 22. cxd3 Rxc7+ 23. Kd2 Rhc8 24. Rc1 Rxc1 25. Rxc1 Rxc1 26. Kxc1 g5 27. f5 Kh6 28. g4 Kg7 29. Kd2 h5 30. h3 hxg4 31. hxg4 Kf8 32. Kc3 a5 33. b3 Ke7 34. a4 Kd7 35. b4 axb4+ 36. Kxb4 bxa4 37. Kxa4 Kc7 38. Ka5 Kb7 39. Kb5 Kc7 40. Ka6 Kc8 41. Kb6 Kd7 42. Kb7 Kd8 43. Kc6 Ke7 44. Kc7 Ke8 45. Kxd6 Kd8 46. Kc6 1-0

[Event "Ambelokipi op 160th"]
[Site "Athens"]
[Date "2016.11.02"]
[Round "7"]
[White "Hahabis, Nikolaos"]
[Black "Delithanasis, Dimitrios"]
[Result "1-0"]
[WhiteElo "1913"]
[BlackElo "2054"]
[PlyCount "123"]
[EventDate "2016.09.14"]
[EventType "swiss"]
[EventRounds "7"]
[EventCountry "GRE"]
[SourceTitle "EXT 2024"]
[Source "ChessBase"]
[SourceDate "2023.10.10"]
[SourceVersion "1"]
[SourceVersionDate "2023.10.10"]
[SourceQuality "1"]

1. e4 e5 2. Nf3 Nc6 3. d4 exd4 4. Nxd4 Bb4+ 5. c3 Bc5 6. Be3 Bb6 7. Nf5 g6 8. Bxb6 axb6 9. Ne3 Nf6 10. f3 Qe7 11. c4 Qb4+ 12. Qd2 Qxd2+ 13. Kxd2 d6 14. Nc3 Kd8 15. Rd1 Bd7 16. Kc1 Re8 17. Be2 Kc8 18. Rd2 Nh5 19. Ned5 Ne7 20. g4 Nxd5 21. Nxd5 Ng7 22. Nf6 Re6 23. Nxh7 Rxa2 24. Kb1 Ra5 25. h4 Be8 26. Ng5 Re7 27. f4 f6 28. Nh7 Nh5 29. gxh5 Rxh7 30. Rg1 gxh5 31. Rg8 Kd8 32. Bd3 Rf7 33. Rdg2 Ke7 34. Bc2 Rf8 35. R8g7+ Rf7 36. Rg8 Rf8 37. R8g7+ Kd8 38. R2g3 Rc5 39. Bd3 Ra5 40. Rh7 Bf7 41. Rgg7 Ke8 42. e5 fxe5 43. Rxf7 Rxf7 44. Bg6 exf4 45. Rxf7 Kd8 46. Rxf4 Re5 47. Rf5 Re2 48. Bxh5 Rh2 49. Rf4 Ke7 50. Bg6 Ke6 51. h5 c6 52. Ka2 Ke5 53. Re4+ Kf6 54. Re8 Rh4 55. b3 b5 56. cxb5 cxb5 57. Rb8 b4 58. Rxb7 d5 59. Rb5 Ke6 60. Kb2 Kd6 61. Bf7 Rd4 62. Rxd5+ 1-0

[Event "Ambelokipi op 151st"]
[Site "Athens"]
[Date "2015.02.18"]
[Round "6"]
[White "Hahabis, Nikolaos"]
[Black "Koerant, Filipos"]
[Result "1/2-1/2"]
[WhiteElo "1929"]
[BlackElo "1880"]
[PlyCount "89"]
[EventDate "2015.01.14"]
[EventType "swiss"]
[EventRounds "7"]
[EventCountry "GRE"]
[SourceTitle "EXT 2016"]
[Source "ChessBase"]
[SourceDate "2015.10.08"]
[SourceVersion "1"]
[SourceVersionDate "2015.10.08"]
[SourceQuality "1"]

1. e4 d5 2. exd5 Qxd5 3. Nc3 Qd6 4. Nf3 c6 5. d4 Nf6 6. Bd3 Bg4 7. Ne4 Nxe4 8. Bxe4 Nd7 9. c3 g6 10. h3 Qe6 11. Qe2 Bxf3 12. Bxf3 Qxe2+ 13. Kxe2 Bg7 14. Re1 0-0-0 15. Kf1 e5 16. Bg5 f6 17. Be3 f5 18. d5 e4 19. dxc6 bxc6 20. Be2 Kb7 21. Rad1 Nf6 22. c4 h6 23. b4 Nd7 24. Rd6 Ne5 25. Red1 Rxd6 26. Rxd6 Kc7 27. Rd1 g5 28. a4 f4 29. Bd4 Rd8 30. Bxe5+ Bxe5 31. Rxd8 Kxd8 32. Bg4 Bc3 33. Bf5 e3 34. fxe3 fxe3 35. Ke2 Bd2 36. b5 cxb5 37. axb5 Kc7 38. c5 h5 39. g4 h4 40. c6 Kb6 41. Be4 Ba5 42. Bd3 Bd2 43. Be4 Ba5 44. Bd3 Bd2 45. Be4 1/2-1/2

[Event "Ambelokipi op 151st"]
[Site "Athens"]
[Date "2015.01.28"]
[Round "3"]
[White "Paraskevas, Georgios"]
[Black "Hahabis, Nikolaos"]
[Result "1/2-1/2"]
[WhiteElo "1620"]
[BlackElo "1929"]
[PlyCount "69"]
[EventDate "2015.01.14"]
[EventType "swiss"]
[EventRounds "7"]
[EventCountry "GRE"]
[SourceTitle "EXT 2016"]
[Source "ChessBase"]
[SourceDate "2015.10.08"]
[SourceVersion "1"]
[SourceVersionDate "2015.10.08"]
[SourceQuality "1"]

1. e4 c5 2. c3 d5 3. exd5 Qxd5 4. d4 Nc6 5. Nf3 Bg4 6. Be2 cxd4 7. cxd4 e6 8. Nc3 Qa5 9. 0-0 Nf6 10. a3 Be7 11. Re1 0-0 12. Ne5 Bxe2 13. Nxc6 bxc6 14. Qxe2 Rfd8 15. Be3 Nd5 16. Qc4 Nxc3 17. bxc3 Qd5 18. Qe2 Qb5 19. Qxb5 cxb5 20. a4 b4 21. c4 a5 22. Rab1 Bf6 23. Red1 Kf8 24. f4 Ke7 25. Kf2 Kd7 26. Kf3 Kc6 27. Ke4 Rd6 28. g4 g6 29. g5 Bg7 30. h4 Rad8 31. Rd3 Bf8 32. Rh1 h5 33. Rb1 Bg7 34. Rbd1 Rb8 35. Rb1 1/2-1/2

[Event "Ambelokipi op 141st"]
[Site "Athens"]
[Date "2014.01.08"]
[Round "1"]
[White "Hahabis, Nikolaos"]
[Black "Theodorou, Mihail"]
[Result "1/2-1/2"]
[WhiteElo "2025"]
[BlackElo "1627"]
[PlyCount "53"]
[EventDate "2014.01.08"]
[EventType "swiss"]
[EventRounds "7"]
[EventCountry "GRE"]
[SourceTitle "EXT 2016"]
[Source "ChessBase"]
[SourceDate "2015.10.08"]
[SourceVersion "1"]
[SourceVersionDate "2015.10.08"]
[SourceQuality "1"]

1. e4 c5 2. Nc3 Nc6 3. f4 g6 4. Nf3 Bg7 5. Bb5 Qc7 6. d3 d6 7. 0-0 Nf6 8. e5 dxe5 9. fxe5 Ng4 10. Nd5 Qd8 11. c4 0-0 12. Bg5 Re8 13. Qe1 Bd7 14. Qh4 f6 15. exf6 exf6 16. Bd2 Ne7 17. Nc3 h5 18. Rae1 Bxb5 19. Nxb5 a6 20. h3 Nf5 21. Rxe8+ Qxe8 22. Nd6 Nxh4 23. Nxe8 Nxf3+ 24. gxf3 Rxe8 25. fxg4 hxg4 26. hxg4 f5 27. gxf5 1/2-1/2

[Event "Ambelokipi op 137th"]
[Site "Athens"]
[Date "2013.10.23"]
[Round "7"]
[White "Hahabis, Nikolaos"]
[Black "Xylogiannopoulos, Antonios"]
[Result "0-1"]
[WhiteElo "2055"]
[BlackElo "2119"]
[PlyCount "94"]
[EventDate "2013.09.11"]
[EventType "swiss"]
[EventRounds "7"]
[EventCountry "GRE"]
[SourceTitle "EXT 2024"]
[Source "ChessBase"]
[SourceDate "2023.10.10"]
[SourceVersion "1"]
[SourceVersionDate "2023.10.10"]
[SourceQuality "1"]

1. e4 e5 2. Nf3 Nf6 3. Nxe5 Nxe4 4. Qe2 Qe7 5. Qxe4 d6 6. d4 dxe5 7. Bb5+ c6 8. Be2 exd4 9. Qxd4 Bf5 10. Be3 Qb4+ 11. Qxb4 Bxb4+ 12. c3 Be7 13. 0-0 Nd7 14. Nd2 Bc5 15. Bxc5 Nxc5 16. Nc4 0-0-0 17. Rad1 Kc7 18. Rxd8 Rxd8 19. Rd1 Rxd1+ 20. Bxd1 Be6 21. Bb3 Nd3 22. Kf1 b5 23. Nd2 Bxb3 24. Nxb3 Nxb2 25. Ke2 Kd6 26. Kd2 Kd5 27. Kc2 Nc4 28. Nd4 g6 29. Nf3 f6 30. Ne1 Ne5 31. h3 a5 32. Kd2 Ke4 33. Nc2 Nc4+ 34. Ke2 c5 35. Ne1 Ne5 36. Kd2 f5 37. Nc2 Nc4+ 38. Ke2 f4 39. Ne1 Ne5 40. g3 f3+ 41. Kd2 Nc4+ 42. Kc2 Ne3+ 43. Kd2 Nf1+ 44. Kc2 Nxg3 45. Nd3 c4 46. Nc5+ Kd5 47. Nd7 Ne4 0-1

[Event "Ambelokipi op 137th"]
[Site "Athens"]
[Date "2013.09.11"]
[Round "1"]
[White "Hahabis, Nikolaos"]
[Black "Bekakos, Mihail"]
[Result "1-0"]
[WhiteElo "2055"]
[BlackElo "1621"]
[PlyCount "53"]
[EventDate "2013.09.11"]
[EventType "swiss"]
[EventRounds "7"]
[EventCountry "GRE"]
[SourceTitle "EXT 2024"]
[Source "ChessBase"]
[SourceDate "2023.10.10"]
[SourceVersion "1"]
[SourceVersionDate "2023.10.10"]
[SourceQuality "1"]

1. e4 c5 2. Nc3 Nc6 3. f4 e6 4. Nf3 a6 5. g3 Nf6 6. Bg2 Be7 7. d3 0-0 8. 0-0 d5 9. e5 Nd7 10. Re1 b5 11. g4 Qc7 12. Ne2 b4 13. Ng3 Rb8 14. Qe2 Nd4 15. Qf2 Nxf3+ 16. Bxf3 c4 17. d4 a5 18. f5 a4 19. g5 a3 20. f6 axb2 21. Bxb2 Bd8 22. Nh5 gxf6 23. gxf6 Kh8 24. Kh1 b3 25. Rg1 c3 26. Qg2 cxb2 27. Qg7# 1-0

[Event "Aegean op 31st"]
[Site "Aghios Kirykos"]
[Date "2008.07.18"]
[Round "7"]
[White "Hahabis, Nikolaos"]
[Black "Aggelis, Nikolaos"]
[Result "1-0"]
[WhiteElo "2031"]
[BlackElo "2271"]
[PlyCount "57"]
[EventDate "2008.07.12"]
[EventType "swiss"]
[EventRounds "9"]
[EventCountry "GRE"]
[SourceTitle "CBM 125 Extra"]
[Source "ChessBase"]
[SourceDate "2008.09.01"]
[SourceVersion "1"]
[SourceVersionDate "2008.09.01"]
[SourceQuality "1"]

1. e4 e5 2. Nf3 Nc6 3. Bb5 a6 4. Ba4 Nf6 5. 0-0 b5 6. Bb3 Be7 7. Re1 0-0 8. a4 Bb7 9. Nc3 b4 10. Nd5 d6 11. c3 bxc3 12. bxc3 Na5 13. Nxe7+ Qxe7 14. Bc2 c5 15. d4 Rfe8 16. Bg5 h6 17. Bh4 Rab8 18. Qe2 c4 19. Rab1 Ba8 20. d5 g5 21. Nxg5 hxg5 22. Bxg5 Kg7 23. Qf3 Rxb1 24. Bxb1 Rh8 25. Re3 Rb8 26. Bc2 Rb2 27. Qh3 Rxc2 28. Qh6+ Kg8 29. Rh3 1-0

[Event "Aegean op 31st"]
[Site "Aghios Kirykos"]
[Date "2008.07.15"]
[Round "4"]
[White "Dimopoulos, Nikolaos"]
[Black "Hahabis, Nikolaos"]
[Result "0-1"]
[WhiteElo "1937"]
[BlackElo "2031"]
[PlyCount "56"]
[EventDate "2008.07.12"]
[EventType "swiss"]
[EventRounds "9"]
[EventCountry "GRE"]
[SourceTitle "CBM 125 Extra"]
[Source "ChessBase"]
[SourceDate "2008.09.01"]
[SourceVersion "1"]
[SourceVersionDate "2008.09.01"]
[SourceQuality "1"]

1. e4 c5 2. Nf3 e6 3. d4 cxd4 4. Nxd4 a6 5. Nc3 Qc7 6. Bd3 Nc6 7. Be3 Nf6 8. 0-0 Nxd4 9. Bxd4 e5 10. Be3 Bc5 11. Qe2 Bxe3 12. fxe3 Qd8 13. Rxf6 Qxf6 14. Rf1 Qh4 15. g3 Qh6 16. Nd5 0-0 17. Rf5 d6 18. Rh5 Qe6 19. Nc7 Qg6 20. Nd5 Qg4 21. Ne7+ Kh8 22. Rh4 Qxe2 23. Bxe2 Be6 24. Bf3 Rfe8 25. Nf5 Red8 26. Kf2 Rac8 27. c3 Bxa2 28. Rg4 g6 0-1